000 01114cam a22003377a 4500
003 CHAP
005 20220817043127.0
008 971013s1987 it r 00010 eng d
010 _a66360
011 _a67332
035 _a76802
040 _cCHAP
082 _a639.2
_bF3y v.101 Suppl.2
110 _aFAO
245 1 0 _aComputer programs for fish stock assessment
_b: Length-based fish stock assessment for Apple II computers
_c/por FAO
260 _aRome :
_bFAO,
_c1987
300 _a218 p.
410 _aFAO
490 0 _aDocumento técnico de pesca
_v; 101 suppl.2
590 _aBATCH-UPD
_b10
_c20130110
_lUCH01
_h1555
590 _aBATCH-UPD
_b10
_c20130410
_lUCH01
_h0952
590 _aBATCH-UPD
_b10
_c20130914
_lUCH01
_h1213
590 _aCONVERSION
_b10
_c20130109
_lUCH01
_h1337
650 1 4 _aProcesamiento automático de datos en pesca.
_991804
700 0 _aSparre, Per.
_9109132
810 0 _aFAO
830 0 0 _aDocumento técnico de pesca
_v; 101 suppl.2
_933242
901 _aBK
942 _cLIBRO
949 _a639.2 F3y v.101 Suppl.2
_bBC
_cFAO
_d33724002235397
_eFAO1
_gDonaciØn
_h73539
_i76802
_si
999 _c66360
_d66360